000
00241nam a2200097Ia 4500
005
20251222114409.0
008
251222s1900||||xx |||||||||||||| ||spa||
082
_a
DVD0092/H22/2007
245
0
_a
Pope John Paul II:Papa Juan Pablo II
942
_c
DVD
999
_c
1940
_d
1940